| 000 | 00385nam a2200133Ia 4500 | ||
|---|---|---|---|
| 008 | 170516s9999 xx 000 0 und d | ||
| 245 | _aExploring Theranostic Potentials of Radioiodinated Hypericin in Rodent Necrosis Models | ||
| 260 | _bTheranostics | ||
| 260 | _c2012 | ||
| 300 | _a2:10 | ||
| 650 | _xMedical Technology | ||
| 650 | _xMedtech | ||
| 856 | _uhttp://www.thno.org/v2i10 | ||
| 999 |
_c330256 _d330256 |
||